Skvělé vyhlídky

Hlavní autor: Dickens, Charles, 1812-1870
Další autoři: Hnilička, Přemysl, 1977-, Tafel, Jaroslav, 1929-1973, Váchal, Jiří, 1928-1997, Henke, Josef, 1933-2006, Höger, Karel, 1909-1977
Jazyk: Čeština
Vydáno: Praha : Radioservis, c2012, p1971
Témata:
Fyzický popis: 1 zvuková deska (6 hod., 8 min.) : digital, MP3
Zvukové nahrávky
Uloženo v:
LEADER 01811nim a2200457 a 4500
001 001219490
003 CZ BrMZK
005 20120719123329.0
007 sd
008 120604p20121971xr cze
024 3 |a 8590236084827 
028 0 1 |a CR0848-2  |b Radioservis 
040 |a BOA001  |b cze 
041 1 |d cze  |h eng 
072 7 |a 821.111-3  |x Anglická próza, anglicky psaná  |2 Konspekt  |9 25 
080 |a 821.111-31  |2 MRF 
080 |a (0:82-25)7.096  |2 MRF 
080 |a (086.76)  |2 MRF 
100 1 |a Dickens, Charles,  |d 1812-1870  |7 jn19990001747  |4 aut 
245 1 0 |a Skvělé vyhlídky  |h [zvukový záznam] /  |c Charles Dickens 
260 |a Praha :  |b Radioservis,  |c c2012, p1971 
300 |a 1 zvuková deska (6 hod., 8 min.) :  |b digital, MP3 
500 |a Přeloženo z angličtiny 
500 |a Průvodní slovo Přemysl Hnilička 
500 |a Kompaktní deska 
500 |a Původní fonogram p1971 Československý rozhlas 
508 |a Na motivy románu Charlese Dickense Nadějné vyhlídky napsal Jaroslav Tafel ; hudební spolupráce Jiří Váchal ; režie Josef Henke 
511 1 |a V roli Pipa Karel Höger 
518 |a Rozhlasová nahrávka z roku 1971 
655 7 |a anglické romány  |7 fd131814  |2 czenas 
655 7 |a rozhlasové hry  |7 fd133298  |2 czenas 
655 7 |a kompaktní desky  |7 fd201991  |2 czenas 
700 1 |a Hnilička, Přemysl,  |d 1977-  |7 jx20090312007  |4 wam 
700 1 |a Tafel, Jaroslav,  |d 1929-1973  |7 jk01132001  |4 adp 
700 1 |a Váchal, Jiří,  |d 1928-1997  |7 jn19990216188  |4 cmp 
700 1 |a Henke, Josef,  |d 1933-2006  |7 jk01040738  |4 drt 
700 1 |a Höger, Karel,  |d 1909-1977  |7 jk01041587  |4 act 
910 |a BOA001  |b CDR-1287.419 
990 |a AV 
991 |b 201207  |e b 
996 6 |b 2610513589  |c CDR-1287.419  |l MZK  |r Sklad / do 24 hodin  |n 6  |p p.v.  |w 001254613  |u 000010  |a 1  |e BOA001  |j MZK50  |s P